书目信息 |
| 题名: |
论无限、宇宙和诸世界
|
|
| 作者: | 布鲁诺 著 ;田时纲 译 | |
| 分册: | ||
| 出版信息: | 长春 吉林出版集团有限责任公司 2015 |
|
| 页数: | 160页 | |
| 开本: | 23cm | |
| 丛书名: | ||
| 单 册: | ||
| 中图分类: | B503.923 | |
| 科图分类: | ||
| 主题词: | ||
| 电子资源: | ||
| ISBN: | 978-7-5534-1781-3 | |
| 000 | 01168nam0 2200289 450 | |
| 001 | 339654 | |
| 005 | 20150608160820.95 | |
| 010 | @a978-7-5534-1781-3@dCNY38.00 | |
| 100 | @a20130703d2013 em y0chiy50 ea | |
| 101 | 1 | @achi@cita |
| 102 | @aCN@b220000 | |
| 105 | @ay z 000yy | |
| 106 | @ar | |
| 200 | 1 | @a论无限、宇宙和诸世界@Alun wu xian、yu zhou he zhu shi jie@d= De l'infinito, universo e mondi@f(意) 布鲁诺(Giordano Bruno) 著@g田时纲译@zita |
| 205 | @a第2版 | |
| 210 | @a长春@c吉林出版集团有限责任公司@d2015 | |
| 215 | @a160页@d23cm | |
| 300 | @a汉阅学术文库 | |
| 305 | @a根据BRUNO, OPERE ITALIANE (UTET S.p.A., Torino, 2002)译出 | |
| 330 | @a本书从哥白尼的太阳中心说出发, 全面批判亚里士多德的地球中心说——有限宇宙论, 并结合当时天文学最新成果, 进行缜密哲学思维, 将太阳中心说发展提高到宇宙无中心说——无限宇宙论。 | |
| 510 | 1 | @aDe l'infinito, universo e mondi@zita |
| 600 | 0 | @a布鲁诺@c(Bruno, Giordano@f1548-1600)@x哲学思想 |
| 690 | @aB503.923@v5 | |
| 701 | 0 | @c(意)@a布鲁诺@Abu lu nuo@c(Bruno, Giordano@f1548 1600)@4著 |
| 702 | 0 | @a田时纲@Atian shi gang@f(1945.4)@4译 |
| 801 | 0 | @aCN@b卓展宏图@c20150525 |
| 905 | @dB503.923@e74=2@f4 | |
| 论无限、宇宙和诸世界= De l'infinito, universo e mondi/(意) 布鲁诺(Giordano Bruno) 著/田时纲译.-第2版.-长春:吉林出版集团有限责任公司,2015 |
| 160页;23cm |
| 汉阅学术文库 |
| ISBN 978-7-5534-1781-3:CNY38.00 |
| 本书从哥白尼的太阳中心说出发, 全面批判亚里士多德的地球中心说——有限宇宙论, 并结合当时天文学最新成果, 进行缜密哲学思维, 将太阳中心说发展提高到宇宙无中心说——无限宇宙论。 |
| ● |
| 相关链接 |
|
|
|
|
正题名:论无限、宇宙和诸世界
索取号:B503.923/74=2
 
预约/预借
| 序号 | 登录号 | 条形码 | 馆藏地/架位号 | 状态 | 备注 |
| 1 | 863521 | 208635217 | 第一样本阅览室/ [索取号:B503.923/74=2] | 在馆 | |
| 2 | 863522 | 208635226 | 第一借阅区/ [索取号:B503.923/74=2] | 在馆 | |
| 3 | 863523 | 208635235 | 第一借阅区/ [索取号:B503.923/74=2] | 在馆 | |
| 4 | 863524 | 208635244 | 第一借阅区/ [索取号:B503.923/74=2] | 在馆 |